Diseño de un filtro cambiador de forma con espectro similar al coseno roll-off

Zapisane w:
Opis bibliograficzny
1. autor: Alvarado Miranda Luis
Format: Książka
Wydane: [San José , Costa Rica] 1985
Hasła przedmiotowe:
Etykiety: Dodaj etykietę
Nie ma etykietki, Dołącz pierwszą etykiete!

MARC

LEADER 00000nam a2200000Ia 4500
003 002675
005 20221231144406.0
008 140114s1985 cr a m 000 ||s d
040 |c cru CEDI 
090 |a TFG 1602 
100 |a Alvarado Miranda Luis   |9 14736 
245 |a Diseño de un filtro cambiador de forma con espectro similar al coseno roll-off 
260 |c 1985  |a [San José , Costa Rica] 
300 |a  iii, 49 hojas  
500 |a  Proyecto de graduación (bachillerato)--Universidad de Costa Rica. Facultad de Ingeniería. Escuela de Ingeniería Eléctrica 
650 |x FILTROS ELECTRICOS - DISEÑO Y CONSTRUCCION  |x FILTROS ELECTRICOS - PROCESAMIENTO DE DATOS  |9 14737 
942 |c TFG 
999 |c 21208  |d 21208